Normal view
MARC view
- تأليف حالي،ألطاف حسين ؛ ترجمة وتعليق جلال السعيد الحفناوي ؛ تقديم ومراجعة سمير عبد الحميد إبراهيم
Entry Personal Name
001 - CONTROL NUMBER
- control field: 33828
003 - CONTROL NUMBER IDENTIFIER
- control field: JO-AjAnu
005 - DATE AND TIME OF LATEST TRANSACTION
- control field: 20230606075654.0
008 - FIXED-LENGTH DATA ELEMENTS
- fixed length control field: 230606|| aca||aabn | a|a d
040 ## - CATALOGING SOURCE
- Original cataloging agency: JO-AjAnu
- Transcribing agency: JO-AjAnu
100 ## - HEADING--PERSONAL NAME
- Personal name: تأليف حالي،ألطاف حسين ؛ ترجمة وتعليق جلال السعيد الحفناوي ؛ تقديم ومراجعة سمير عبد الحميد إبراهيم
670 ## - SOURCE DATA FOUND
- Source citation: Work cat.: (JO-AjAnu)17376: تأليف حالي،ألطاف حسين ؛ ترجمة وتعليق جلال السعيد الحفناوي ؛ تقديم ومراجعة سمير عبد الحميد إبراهيم, author, الشعر والشاعرية: مقدمة الديوان الأردى